|
|
|
|
| LEADER |
00000nam a2200000 a 4500 |
| 001 |
vtls011838540 |
| 003 |
SK-MaSNL |
| 005 |
20260301144047.0 |
| 008 |
240318s1909 xo a 0 an0 hun |
| 015 |
|
|
|a SNBA1909
|
| 040 |
|
|
|a SNKHF
|b slo
|c SNK
|e AACR2
|
| 041 |
0 |
|
|a hun
|
| 044 |
|
|
|a xo
|c SK
|
| 072 |
|
7 |
|a 028
|x Čítanie
|2 konspekt
|
| 080 |
|
|
|a 028
|2 2011
|
| 080 |
|
|
|a 37.091.3
|2 2011
|
| 080 |
|
|
|a (035)
|2 2011
|
| 100 |
1 |
|
|a Remeník, Ľudovít
|4 aut
|9 493090
|
| 245 |
1 |
0 |
|a Mintaleckék Az Írás-Olvasásnak A Fonomimikai Módszer Szerint Való Tanításához
|b Egy Lap Műmelléklettel
|c Írta: Reményik Lajos Tkp. S. Tanár, Gyak. Isk. Tanító
|
| 260 |
|
|
|a Eperjes
|b Kiadja: Cattarino S. Utoda, Földes Samu
|c 1909
|e Kassa
|f Nyomatott A "Szent Erzsébet"-Nyomda R.-T.-Nál
|
| 300 |
|
|
|a 47 s.
|b obr. príloha
|c 22 cm
|e [2] s.
|
| 500 |
|
|
|a Pred titulným listom obrazová príloha
|
| 550 |
|
|
|a Tlačiareň uvedená na rube titulného listu
|
| 650 |
0 |
7 |
|a čítanie
|2 SNKPH
|9 1654
|
| 650 |
0 |
7 |
|a vyučovacie metódy
|2 SNKPH
|9 1521
|
| 655 |
|
7 |
|a príručky
|2 SNKPH
|9 74364
|
| 710 |
0 |
|
|a Földes, Samuel (Prešov, Slovensko)
|4 pbl
|9 501861
|
| 710 |
2 |
|
|a Sv. Alžbeta, úč. spol. (Košice, Slovensko),
|d 1907-1949
|4 prt
|9 269489
|
| 752 |
|
|
|a Slovensko
|d Prešov
|
| 752 |
|
|
|a Slovensko
|d Košice
|
| 852 |
|
|
|a SNK
|p SC 28768
|
| 999 |
|
|
|c 775821
|d 777751
|
| 952 |
|
|
|a SNK
|b SNK
|y PREZ
|7 0
|p 17A0927238
|o snkSC 28768
|i snkK 2063/72
|8 3
|0 0
|1 0
|4 0
|d 2019-02-01
|l 0
|r 2025-09-18 00:00:00
|w 2026-02-24
|